LEADER 01672nam a2200313 i 4500 001 000000346118 003 CaOOAMICUS 005 20210520103834.0 008 210520s2020 be a u010 u eng u 013 $a238024 020 $a978-90-429-4357-5 040 $aSeMil$bita 245 00$aRes opportunae nostrae aetatis :$bstudies on the Second Vatican Council offered to Mathijs Lamberigts /$cedited by Dries Bosschaert, Johan Leemans. 264 1$aLeuven [etc.] :$bPeeters,$c2020. 300 $aXI, 578 p., [1] carta di tav. :$britr. ;$c25 cm 490 1 $aBibliotheca Ephemeridum Theologicarum Lovaniensium ;$v317 505 00$aIndice dei contributi contenuti disponibile all'indirizzo$uhttp://swbplus.bsz-bw.de/bsz1744528519inh.htm 546 $aSaggi in inglese, tedesco e francese 650 04$aConcilio Vaticano II <1962-1965>.$0(OLS)http://semarc/subject/283 700 1 $aLeemans, Johan,$d<1965- >.$0(OLS)http://semarc/name/51719 700 1 $aLamberigts, Mathijs,$d<1955- >,$ededicatario miscellanea.$0(OLS)http://semarc/name/13098 700 1 $aBosschaert, Dries.$0(OLS)http://semarc/name/113922 830 0$aBibliotheca Ephemeridum Theologicarum Lovaniensium ;$v317.$0(OLS)http://semarc/title/108 850 $aSeMil 852 $aSeMil$W1$xVenegono$y1$m2IA A 317$j228026$B237166$CSeMilBibl$Z2$F237166 $81 996 $6020$a978-90-429-4357-5$9(OLS)http://semarc/number/293266 996 $6245$aRes opportunae nostrae aetatis :$bstudies on the Second Vatican Council offered to Mathijs Lamberigts$9(OLS)http://semarc/title/435328 996 $6264$aLeuven [etc.] :$bPeeters$9(OLS)http://semarc/publisher/32081 LEADER 01252nam a2200289 i 4500 001 000000086791 003 CaOOAMICUS 005 20180830150013.0 008 180830s1957 xx u000 u und u 013 $a59031 040 $aSeMil$bita 100 1 $aBéguin, Albert,$d<1901-1957>.$0(OLS)http://semarc/name/15878 245 10$aDio vivo e idoli viventi. 260 $aMilano :$bMassimo,$c1957. 300 $a326 p. 650 4$aDio - Teologia.$0(OLS)http://semarc/subject/1408 650 4$aIdolatria.$0(OLS)http://semarc/subject/16323 700 1 $aBaudouin, Charles.$0(OLS)http://semarc/name/22628 700 1 $aLoew, Jacques,$d<1908-1999>.$0(OLS)http://semarc/name/16267 700 1 $aMauriac, François,$d<1885-1970>.$0(OLS)http://semarc/name/8852 700 1 $aLacroix, Jean,$d<1900-1986>.$0(OLS)http://semarc/name/6536 700 1 $aDaniélou, Jean,$c.$0(OLS)http://semarc/name/50 700 1 $aDaniel-Rops,$c.$0(OLS)http://semarc/name/5511 850 $aSeMil 852 $aSeMil$W1$xVenegono$y1$m76 2 4 *$j50424$B50424$CSeMilBibl$Z2$F54390 $81 996 $6245$aDio vivo e idoli viventi$9(OLS)http://semarc/title/67658 996 $6260$aMilano :$bMassimo$9(OLS)http://semarc/publisher/30297